Antología poética 1920-1940
Guardat en:
| Autor principal: | |
|---|---|
| Format: | Llibre |
| Idioma: | espanyol |
| Publicat: |
Buenos Aires
Losada
1943
|
| Col·lecció: | Biblioteca Contemporánea
|
| Matèries: | |
| Etiquetes: |
Afegir etiqueta
Sense etiquetes, Sigues el primer a etiquetar aquest registre!
|
MARC
| LEADER | 00000nam a2200000 a 4500 | ||
|---|---|---|---|
| 001 | UCT2941 | ||
| 003 | CL-VaPUC | ||
| 008 | 961018e19430000AG |||||||||||||||||spa|d | ||
| 082 | 0 | 4 | |a Ur861 |b SIL |2 21 |
| 100 | 0 | |a Silva Valdés, Fernán |e author |9 371956 | |
| 245 | 1 | 0 | |a Antología poética 1920-1940 |
| 300 | |a 163 p | ||
| 942 | |c BK | ||
| 945 | |d 19961018 00:00:00 |a rleighto | ||
| 260 | |a Buenos Aires |b Losada |c 1943 | ||
| 650 | 0 | |a Poesías uruguayas |9 268420 | |
| 583 | |a last modification |c 19961018 00:00:00 |k Rodrigo Vera | ||
| 490 | 0 | |a Biblioteca Contemporánea | |
| 999 | |c 252830 |d 252828 | ||
| 952 | |0 0 |1 0 |4 0 |6 UR_861_000000000000000_SIL_1943 |7 0 |8 A |9 272944 |a BIBEDU |b BIBEDU |d 2019-11-19 |i 3242358 |o Ur861 SIL 1943 |p 3242358 |r 2019-11-19 |w 2019-11-19 |y BK |k LIT | ||